| 000 | 00456nam a2200169Ia 4500 | ||
|---|---|---|---|
| 003 | GCL | ||
| 008 | 140319s9999 xx 000 0 eng d | ||
| 040 |
_aGCL / _cGCL |
||
| 082 | 0 | 4 |
_a005.3 _bB S |
| 100 | 1 | _aBRUCH, BILL | |
| 245 | 1 | 0 |
_aSPECIAL EDITION VSING NOVELL PERBECT OFFICE 3 / _cBRUCH, BILL |
| 260 |
_a[S.N] : _bEUING DAVID ، _c1995 |
||
| 300 | _a804 P | ||
| 650 | 0 | 4 | _aCOMPUTER - PROPGRAMME |
| 650 | 0 | 4 | _aCOMPUTER - PROGRAMMING |
| 942 |
_2ddc _cBK |
||
| 999 |
_c10432 _d10432 |
||